000 00630nam a2200181Ia 4500
008 100921s9999 xx 000 0 und d
082 _b39859
_a891.463 न 05
100 _aदेसाई नयनतारा.
245 _aप्रेमाश्रम.
260 _bमंगल दीप प्रकाशन, पुणे.
_c2005
300 _a127
_bस्वरदा बुक्स
365 _b130
520 _aललित-कादंबरी.
630 _aप्रेमाश्रम.
650 _aललित-कादंबरी.
730 _aप्रेमाश्रम.
942 _cBOOK
999 _c788972
_d788969